000 00643nam a2200169Ia 4500
008 100122s9999 xx 000 0 und d
082 _b71996
_a618
100 _aतांबे श्री बालाजी
245 _aआयुर्वेदीय गर्भसंस्कार क क्र- 11/2
260 _bसकाळ पेपर्स
_c2007
300 _a211
520 _a2-Nov
620 _a2-Nov
630 _aआयुर्वेदीय गर्भसंस्कार क क्र- 11/2
730 _aआयुर्वेदीय गर्भसंस्कार क क्र- 11/2
942 _cBOOK
999 _c442433
_d442430